Guess the Taylor Swift Song (8) - Statistics

General Stats
  • This quiz has been taken 17 times
  • The average score is 236 of 332
Answer Stats
Answer % Correct
a
100%
I
100%
you
100%
You
100%
and
94%
in
94%
me
94%
my
94%
on
94%
the
94%
to
94%
your
88%
be
81%
ever
81%
it's
81%
of
81%
they
81%
when
81%
can
75%
Day
75%
don't
75%
that
75%
their
75%
there
75%
you're
75%
but
69%
down
69%
hard
69%
I'll
69%
New
69%
up
69%
Years
69%
Year's
69%
back
63%
carrying
63%
could
63%
floor
63%
girls
63%
glitter
63%
hand
63%
hold
63%
if
63%
lobby
63%
or
63%
shoes
63%
want
63%
we're
63%
will
63%
with
63%
bottles
56%
cleaning
56%
from
56%
I'm
56%
last
56%
laugh
56%
night
56%
Please
56%
please
56%
stay
56%
times
56%
after
50%
anywhere
50%
gonna
50%
long
50%
memories
50%
midnights
50%
out
50%
party
50%
read
50%
recognize
50%
squeeze
50%
taxi
50%
tell
50%
There's
50%
three
50%
babe
44%
become
44%
before
44%
making
44%
mistakes
44%
Polaroids
44%
polaroids
44%
road
44%
stranger
44%
town
44%
whose
44%
Whose
44%
candle
38%
forevermore
38%
hardwood
38%
home
38%
page
38%
strike
38%
wax
38%
wrong
38%
away
31%
turning
31%
crawling
25%
toast
25%
lost
19%
midnights
19%
scared
13%
No matching quizzes found
Score Distribution
Percent of People with Each Score
Percentile by Number Answered
Your Score History
You have not taken this quiz